Billboard Top 100 2012 - Statistics

General Stats
  • This quiz has been taken 112 times
  • The average score is 27 of 100
Answer Stats
Number Artist Song % Correct
40 Jay-Z Kanye West Ni**as in Paris
100%
2 Carly Rae Jepsen Call Me Maybe
91%
1 Gotye ft Kimbra Somebody That I Used To Know
78%
3 fun. ft Janelle Monae We Are Young
72%
4 Maroon 5 ft Wiz Khalifa Payphone
67%
5 Ellie Goulding Lights
62%
71 Adele Rolling In The Deep
60%
9 Nicki Minaj Starships
58%
47 PSY Gangnam Style
57%
8 Rihanna ft Calvin Harris We Found Love
57%
10 One Direction What Makes You Beautiful
57%
7 Kelly Clarkson Stronger (What Doesn't Kill You)
56%
29 LMFAO ft Lauren Bennett & GoonRock Party Rock Anthem
53%
24 David Guetta ft Sia Titanium
53%
6 The Wanted Glad You Came
52%
12 Adele Set Fire To The Rain
51%
13 LMFAO Sexy And I Know It
51%
36 Maroon 5 ft Christina Aguilera Moves Like Jagger
49%
43 Adele Someone Like You
48%
14 fun. Some Nights
45%
94 Rihanna Diamonds
44%
61 Gym Class Heroes ft Adam Levine Stereo Hearts
43%
17 Flo Rida Whistle
43%
46 Jessie J Domino
41%
11 Flo Rida ft Sia Wild Ones
41%
38 Owl City & Carly Rae Jepsen Good Time
40%
87 Christina Perri A Thousand Years
34%
33 Taylor Swift We Are Never Ever Getting Back Together
34%
19 Train Drive By
33%
28 Justin Bieber Boyfriend
31%
22 Neon Trees Everybody Talks
31%
18 Maroon 5 One More Night
31%
83 Selena Gomez & The Scene Love You Like A Love Song
30%
69 Coldplay Paradise
30%
31 Katy Perry Part Of Me
30%
15 Katy Perry Wide Awake
30%
32 Snoop Dogg & Wiz Khalifa ft Bruno Mars Young, Wild, & Free
28%
68 The Lumineers Ho Hey
27%
77 Trey Songz Heart Attack
26%
49 Phillip Phillips Home
26%
48 Pitbull ft Chris Brown International Love
24%
55 Cher Lloyd Want U Back
24%
21 Rihanna Where Have You Been
24%
85 Ke$ha Die Young
23%
16 Flo Rida Good Feeling
23%
41 Katy Perry The One That Got Away
23%
50 David Guetta ft Usher Without You
23%
39 Demi Lovato Give Your Heart A Break
22%
37 P!nk Blow Me (One Last Kiss)
21%
35 David Guetta ft Nicki Minaj Turn Me On
21%
75 Nicki Minaj Pound The Alarm
20%
23 Drake ft Rihanna Take Care
20%
34 Justin Bieber ft Big Sean As Long As You Love Me
19%
26 Bruno Mars It Will Rain
17%
64 Adele Rumour Has It
17%
30 Alex Clare Too Close
17%
51 Gym Class Heroes ft Neon Hitch Ass Back Home
16%
91 Imagine Dragons It's Time
16%
25 Jason Mraz I Won't Give Up
16%
81 Train 50 Ways To Say Goodbye
15%
44 Usher Scream
15%
59 Karmin Brokenhearted
14%
79 Rihanna ft Chris Brown Birthday Cake
13%
56 Chris Brown Don't Wake Me Up
13%
74 Ne-Yo Let Me Love You (Until You Learn To Love Yourself)
13%
45 Tyga Rack City
13%
84 Chris Brown Turn Up The Music
13%
52 Hunter Hayes Wanted
13%
89 Rihanna You Da One
13%
57 Big Sean ft Nicki Minaj Dance (A$$)
12%
65 Calvin Harris ft Ne-Yo Let's Go
12%
27 Kanye West, Big Sean, Pusha T, 2 Chainz Mercy
12%
66 Carrie Underwood Good Girl
10%
20 Drake ft Lil Wayne The Motto
10%
63 J. Cole Work Out
10%
86 T-Pain ft Wiz Khalifa & Lily Allen 5 O'Clock
9%
97 Miguel Adorn
8%
62 Pitbull Back In Time
8%
70 Carrie Underwood Blown Away
8%
100 Linkin Park Burn It Down
8%
42 Calvin Harris Feel So Close
8%
82 Toby Keith Red Solo Cup
8%
80 B.o.B So Good
8%
58 Eric Church Springsteen
8%
92 Ca$h Out Cashin' Out
7%
72 Usher Climax
7%
78 Kirko Bangz Drank In My Cup
7%
53 Luke Bryan Drunk On You
7%
93 Luke Bryan I Don't Want This Night To End
7%
54 2 Chainz ft Drake No Lie
7%
60 Gavin DeGraw Not Over You
7%
67 Little Big Town Pontoon
7%
90 Havana Brown ft Pitbull We Run The Night
7%
73 Wiz Khalifa Work Hard, Play Hard
7%
76 Kenny Chesney Come Over
6%
99 Eli Young Band Even If It Breaks Your Heart
6%
98 Jason Aldean Fly Over States
6%
96 Kip Moore Somethin' Bout A Truck
6%
95 Lee Brice Hard To Love
5%
88 Jason Aldean Take A Little Ride
5%
No matching quizzes found
Score Distribution
Percent of People with Each Score
Percentile by Number Answered
Your Score History
You have not taken this quiz